| 000 | 00428nam a2200109Ia 4500 | ||
|---|---|---|---|
| 008 | 171204s9999 xx 000 0 und d | ||
| 245 | _aAristophanes' Thesmophoriazusae: Philosophizing Theatre And The Politics Of Perception In Late Fifth-century Athens: | ||
| 245 | _cAshley Clements | ||
| 260 | _c2014 | ||
| 650 | _xINTRODUCTION TO THEATRE ARTS | ||
| 856 | _uhttp://down.ebook777.com/004/AriThePhiTheAndThePolOfPerInLatFifAth.pdf | ||
| 999 |
_c346138 _d346138 |
||